|
|
|
|
| LEADER |
01304nam a2200241 a 4500 |
| 001 |
861784 |
| 008 |
090513s1994 it a 100 0 eng d |
| 020 |
|
|
|a 9290432373 (pbk.)
|
| 040 |
|
|
|a EUN
|c EUN
|d AGL
|
| 082 |
0 |
4 |
|a 633.682
|2 20
|
| 110 |
2 |
|
|a International Network for Cassava Genetic Resources.
|b Meeting |n (1st :
|d 1992 :
|c Cali, Colombia)
|
| 245 |
1 |
0 |
|a International Network for Cassava Genetic Resources :
|b report of the first meeting of the International Network for Cassava Genetic Resources /
|c organized by CIAT, IITA, and IBPGR, and held at =CIAT, Cali, Colombia, 18-23 August, 1992.
|
| 260 |
|
|
|a Rome :
|b IPGRI,
|c 1994.
|
| 300 |
|
|
|a 179 p. :
|b ill. ;
|c 30 cm.
|
| 490 |
1 |
|
|a International crop network series ;
|v 10
|
| 541 |
1 |
|
|e 00012704
|
| 650 |
0 |
|
|a Cassava
|x Germplasm resources
|x Congresses.
|
| 710 |
2 |
|
|a Centro de Investigacioþn Agriþcola Tropical (Bolivia)
|
| 710 |
2 |
|
|a International Institute of Tropical Agriculture.
|
| 710 |
2 |
|
|a International Board for Plant Genetic Resources.
|
| 852 |
4 |
|
|a Ayesha Abed Library
|j Generalshelf
|
| 999 |
|
|
|c 659
|d 659
|
| 952 |
|
|
|0 0
|1 0
|2 ddc
|4 0
|6 633_682000000000000_INT
|7 0
|9 607
|a BRACUL
|b BRACUL
|c GEN
|d 2009-05-13
|g 0.00
|l 0
|o 633.682 INT
|p 3010012704
|r 2009-05-13
|t 1
|w 2009-05-13
|y BK
|x No price found in the accession register.
|